Social interaction and discourse structures (Registro nro. 303152)
[ vista simple ]
| 000 -ENCABEZADO | |
|---|---|
| Número de control [NR] | 01274cam a2200289 a 4500 |
| 005 - FECHA Y HORA DE LA ÚLTIMA TRANSACCIÓN | |
| control field | 20170710151602.0 |
| 008 - DE LONGITUD FIJA DE DATOS DE ELEMENTOS - INFORMACIÓN GENERAL | |
| Elementos de longitud fija [NR] | 160422s1997 ne ao 001 0 eng d |
| 020 ## - NUMERO INTERNACIONAL NORMALIZADO PARA LIBROS [R] | |
| Número Internacional Normalizado del libro [NR] | 9027236313 |
| 020 ## - NUMERO INTERNACIONAL NORMALIZADO PARA LIBROS [R] | |
| Número Internacional Normalizado del libro [NR] | 1556195826 |
| 040 ## - FUENTE DE CATALOGACION [NR] | |
| Agencia de catalogación original [NR] | CO-BoUCM |
| Idioma de catalogación [NR] | spa |
| Quien Cataloga | Sandra Palacio |
| Quien Clasifica | Sandra Palacio |
| 041 0# - CODIGO DE IDIOMA [R] | |
| Código de idioma para texto/pista de sonido o título separado [R] | Inglés |
| 245 00 - MENCION DE TITULO [NR] | |
| Título [NR] | Social interaction and discourse structures |
| Mención de responsabilidad, etc. [NR] | editado por Gregory R. Guy ...[y otros autores] |
| 246 12 - FORMA VARIANTE DEL TITULO [R] | |
| Título propiamente dicho/forma breve del título [NR] | Towards a social science of language |
| Parte restante del título [NR] | Papers in honor of William Labov |
| 260 ## - PUBLICACION, DISTRIBUCION, ETC. (PIE DE IMPRENTA) [R] | |
| Lugar de publicación, distribución, etc. [R] | Ámsterdam (Holanda) |
| Nombre del editor, distribuidor, etc. [R] | John Benjamins |
| Fecha de publicación, distribución, etc. [R] | 1997 |
| 300 ## - DESCRIPCION FISICA [R] | |
| Extensión [R] | xviii, 358 páginas |
| Otros detalles físicos [NR] | ilustraciones, fotografías |
| 440 0# - MENCION DE SERIE /ASIENTO SECUNDARIO-- TITULO [R] | |
| Titulo [NR] | Amsterdam studies in the theory and history of linguistic science |
| Número de la parte/sección de una obra [R] | Serie IV |
| Nombre de la parte/sección de una obra [R] | Current issues in linguistic theory |
| Número International Normalizado para Libros [NR] | 0304-0763 |
| Designación numérica/secuencial del volumen [NR] | V. 128 |
| 9 (RLIN) | 76778 |
| 440 0# - MENCION DE SERIE /ASIENTO SECUNDARIO-- TITULO [R] | |
| Titulo [NR] | Towards a social science of language |
| Designación numérica/secuencial del volumen [NR] | V. 2 |
| 9 (RLIN) | 76779 |
| 504 ## - NOTA DE BIBLIOGRAFIA, ETC. [R] | |
| Nota de bibliografía, etc. [NR] | Incluye referencias bibliográficas e índices |
| 650 #7 - ASIENTO SECUNDARIO DE MATERIA - TERMINO TEMATICO [R] | |
| Término temático o nombre geográfico como elemento de entrada [NR] | Análisis del discurso |
| Subdivisión general [R] | Aspectos sociales |
| 9 (RLIN) | 72176 |
| 650 #7 - ASIENTO SECUNDARIO DE MATERIA - TERMINO TEMATICO [R] | |
| Término temático o nombre geográfico como elemento de entrada [NR] | Lenguaje y lenguas |
| Subdivisión general [R] | Variación |
| 9 (RLIN) | 18380 |
| 650 #7 - ASIENTO SECUNDARIO DE MATERIA - TERMINO TEMATICO [R] | |
| Término temático o nombre geográfico como elemento de entrada [NR] | Sociolingüística |
| 9 (RLIN) | 24765 |
| 690 ## - ASUNTO AGREGADO LOCAL DE ENTRADA - TÉRMINO TEMÁTICO (OCLC, RLIN) | |
| Acceso temático local | Teoría lingüística |
| 9 (RLIN) | 440 |
| 700 1# - ASIENTO SECUNDARIO - NOMBRE PERSONAL [R] | |
| Nombre personal [NR] | Guy, Gregory R. |
| Término de relación [R] | editor |
| 9 (RLIN) | 76780 |
| 700 1# - ASIENTO SECUNDARIO - NOMBRE PERSONAL [R] | |
| Nombre personal [NR] | Labov, William |
| 9 (RLIN) | 76781 |
| 942 ## - ELEMENTOS DE ENTRADA AGREGADOS (KOHA) | |
| Sistema de clasificación | DEWEY |
| Tipo de ítem principal el descrito en 300a | Libro |
| Tema principal | Lingüística |
| Edición | 1 |
| Clasificación | 401.41 |
| Parte restante de la signatura top. | S678ts |
| Total préstamos | Signatura topográfica | Código de barras | Última vez visto | Ejemplar | Costo de reposición | Price effective from | Tipo de ítem | Perdido | Sistema de clasificación | Dañado | No prestable | Tipo de ítem específico | Suprimido | Ubicación habitual | Ubicación actual | Localización | Fecha de creación | Proveedor | Forma de adquisición | Costo |
|---|---|---|---|---|---|---|---|---|---|---|---|---|---|---|---|---|---|---|---|---|
| 401.41 S678ts | 100149003 | 05/12/2025 | Ej.1 | 26000.00 | 07/04/2016 | Libro | DEWEY | Libro | Claustro | Claustro | 2do piso | 07/04/2016 | 12 | Donación | 0.00 |